[Event "Bunratty Masters 2020"]
[Site "Bunratty IRL"]
[Date "2020.02.21"]
[Round "1.1"]
[White "Short, Nigel"]
[Black "Murray, David"]
[Result "1-0"]
[WhiteTitle "GM"]
[WhiteElo "2626"]
[BlackElo "2145"]
[BlackICU "2138"]
[BlackClub "Gonzaga"]
[WhiteNationality "ENG"]
[BlackNationality "IRL"]
[WhiteFideId "400025"]
[BlackFideId "2501511"]
[PlyCount "73"]
[EventDate "2020.02.21"]

{ Event information: <a
href="http://www.irlchess.com/bunratty2020_allfiles/pairings_bunratty2020.html">Tournament
report</a>. }

1. e4 c5 2. Nf3 Nc6 3. d4 cxd4 4. Nxd4 Nf6 5. Nc3 d6 6. f3 e5 7. Nb3 Be7 8.
Be3 O-O 9. Qd2 a5 10. Bb5 Na7 11. Bd3 Bd7 12. a3 Bc6 13. Qf2 Nc8 14. Rd1
Qd7 15. O-O b5 16. Kh1 Qb7 17. Ne2 a4 18. Nd2 d5 19. exd5 Nxd5 20. Ng3 Nd6
21. Bc5 Nf4 22. Rfe1 Qc7 23. Bf1 Rac8 24. c3 f6 25. Nde4 Nxe4 26. fxe4 g6
27. Bb6 Qb7 28. Be3 Ne6 29. Bd3 Rfd8 30. Bb1 Kg7 31. Ba2 Rxd1 32. Rxd1 Rd8
33. Rxd8 Nxd8 34. Nh5+ Kh8 35. Bh6 gxh5 36. Qg3 Bxe4 37. Bg7# 1-0

[Event "Bunratty Masters 2020"]
[Site "Bunratty IRL"]
[Date "2020.02.21"]
[Round "1.2"]
[White "Shanel, Jaroslav"]
[Black "Turner, Matthew"]
[Result "0-1"]
[BlackTitle "GM"]
[WhiteElo "2138"]
[BlackElo "2516"]
[WhiteNationality "CZE"]
[BlackNationality "SCO"]
[WhiteFideId "318671"]
[BlackFideId "402893"]
[PlyCount "102"]
[EventDate "2020.02.21"]

{ Event information: <a
href="http://www.irlchess.com/bunratty2020_allfiles/pairings_bunratty2020.html">Tournament
report</a>. }

1. e4 c5 2. Nf3 g6 3. c3 Bg7 4. d4 cxd4 5. cxd4 d5 6. exd5 Nf6 7. Nc3 Nxd5
8. Bc4 Nb6 9. Be2 Nc6 10. Be3 Bg4 11. h3 Bxf3 12. Bxf3 Nxd4 13. Bxb7 Rb8
14. Ba6 O-O 15. O-O Nf5 16. Bf4 e5 17. Bh2 Nd7 18. Rb1 Nd4 19. b4 Rb6 20.
Bd3 a5 21. b5 Nc5 22. Re1 Rd6 23. Bc4 Nxb5 24. Qc1 Nd3 25. Bxd3 Nxc3 26.
Qxc3 Rxd3 27. Qc5 Rd5 28. Qc4 Qd7 29. Rbc1 Rd8 30. Bg3 h5 31. Qe4 Bf6 32.
f4 Rd4 33. Qf3 Rd3 34. Re3 e4 35. Rxd3 exd3 36. f5 Qxf5 37. Qxf5 gxf5 38.
Rd1 Bg5 39. Bc7 Rd5 40. Kf2 a4 41. Kf3 Rd4 42. g3 Kh7 43. Be5 Rd5 44. Bc3
Kg6 45. a3 Be7 46. Bb4 Bxb4 47. axb4 a3 48. Ke3 d2 49. Ke2 a2 50. h4 Kf6
51. Ke3 a1=Q 0-1

[Event "Bunratty Masters 2020"]
[Site "Bunratty IRL"]
[Date "2020.02.21"]
[Round "1.3"]
[White "Williams, Simon"]
[Black "Vogel, Constantin"]
[Result "1-0"]
[WhiteTitle "GM"]
[WhiteElo "2473"]
[BlackElo "2129"]
[BlackICU "1993"]
[BlackClub "St. Benildus"]
[WhiteNationality "ENG"]
[BlackNationality "GER"]
[WhiteFideId "468533"]
[BlackFideId "12960071"]
[PlyCount "55"]
[EventDate "2020.02.21"]

{ Event information: <a
href="http://www.irlchess.com/bunratty2020_allfiles/pairings_bunratty2020.html">Tournament
report</a>. }

1. d4 Nf6 2. Nf3 e6 3. Bg5 Be7 4. Nbd2 d5 5. e3 c5 6. c3 O-O 7. Bd3 b6 8.
Ne5 Qc7 9. O-O Ba6 10. Bxa6 Nxa6 11. f4 Ne4 12. Nxe4 dxe4 13. Qa4 Bxg5 14.
fxg5 Qb7 15. Rf4 b5 16. Qb3 b4 17. Raf1 cxd4 18. cxd4 Qd5 19. Qd1 Nc5 20.
Qh5 Nd3 21. Rh4 h6 22. gxh6 g6 23. h7+ Kh8 24. Qg5 Qd8 25. Qxd8 Raxd8 26.
Nxf7+ Rxf7 27. Rxf7 Rc8 28. h3 1-0

[Event "Bunratty Masters 2020"]
[Site "Bunratty IRL"]
[Date "2020.02.21"]
[Round "1.4"]
[White "Lange, Jannis"]
[Black "Paehtz, Elisabeth"]
[Result "0-1"]
[BlackTitle "IM"]
[WhiteElo "2126"]
[BlackElo "2472"]
[WhiteNationality "GER"]
[BlackNationality "GER"]
[WhiteFideId "12993107"]
[BlackFideId "4641833"]
[PlyCount "82"]
[EventDate "2020.02.21"]
[BlackFullName "P&auml;htz, Elisabeth"]

{ Event information: <a
href="http://www.irlchess.com/bunratty2020_allfiles/pairings_bunratty2020.html">Tournament
report</a>. }

1. e4 c5 2. Nf3 d6 3. Bb5+ Nd7 4. O-O Nf6 5. Re1 a6 6. Bd3 g6 7. c3 Bg7 8.
Bc2 Ne5 9. h3 Nxf3+ 10. Qxf3 Qc7 11. a4 O-O 12. Na3 Bd7 13. d4 cxd4 14.
cxd4 b5 15. Qc3 Qb7 16. Qb3 Rfb8 17. a5 Bc6 18. Qd3 b4 19. Nc4 Bxe4 20.
Rxe4 Nxe4 21. Nb6 d5 22. Bf4 Rd8 23. Ba4 Rac8 24. Rd1 e6 25. Qb3 g5 26. Bh2
Bf8 27. f3 Nd6 28. Qe3 h6 29. h4 Nf5 30. Qd3 Nxh4 31. Nxc8 Rxc8 32. Bc2 Nf5
33. Bb1 Qb5 34. Qxb5 axb5 35. Bd3 Nxd4 36. Bf1 Nb3 37. a6 Rc2 38. Be5 Bc5+
39. Kh2 Ba7 40. Bd3 Rc8 41. Kg3 f5 0-1

[Event "Bunratty Masters 2020"]
[Site "Bunratty IRL"]
[Date "2020.02.21"]
[Round "1.5"]
[White "Arkell, Keith"]
[Black "Steil-Antoni, Fiona"]
[Result "1-0"]
[WhiteTitle "GM"]
[BlackTitle "WIM"]
[WhiteElo "2454"]
[BlackElo "2121"]
[WhiteNationality "ENG"]
[BlackNationality "LUX"]
[WhiteFideId "400270"]
[BlackFideId "4001249"]
[PlyCount "69"]
[EventDate "2020.02.21"]

{ Event information: <a
href="http://www.irlchess.com/bunratty2020_allfiles/pairings_bunratty2020.html">Tournament
report</a>. }

1. d4 d5 2. Nf3 Nf6 3. c4 e6 4. cxd5 exd5 5. Nc3 c6 6. Qc2 g6 7. Bg5 Bg7 8.
e3 Bf5 9. Bd3 Bxd3 10. Qxd3 O-O 11. b4 a6 12. a4 h6 13. Bxf6 Bxf6 14. O-O
Nd7 15. b5 axb5 16. axb5 Qe7 17. bxc6 bxc6 18. Ra6 Rxa6 19. Qxa6 Qe6 20.
Rc1 Nb8 21. Qb7 Qd7 22. Qxd7 Nxd7 23. Na2 Rb8 24. Rxc6 Rb1+ 25. Rc1 Rxc1+
26. Nxc1 Kf8 27. g4 Ke7 28. h4 Bg7 29. Nd3 Nf6 30. g5 hxg5 31. hxg5 Ne4 32.
Nf4 Kd6 33. Kg2 Bf8 34. Nh3 Be7 35. Ne5 1-0

[Event "Bunratty Masters 2020"]
[Site "Bunratty IRL"]
[Date "2020.02.21"]
[Round "1.6"]
[White "Lucchi, Lorenzo"]
[Black "Lopez, Alex"]
[Result "0-1"]
[BlackTitle "IM"]
[WhiteElo "2111"]
[BlackElo "2441"]
[BlackICU "2453"]
[BlackClub "Cork"]
[WhiteNationality "ITA"]
[BlackNationality "IRL"]
[WhiteFideId "821160"]
[BlackFideId "2501430"]
[PlyCount "88"]
[EventDate "2020.02.21"]

{ Event information: <a
href="http://www.irlchess.com/bunratty2020_allfiles/pairings_bunratty2020.html">Tournament
report</a>. }

1. e4 e5 2. Nf3 Nf6 3. Nxe5 d6 4. Nc4 Nxe4 5. Qe2 Qe7 6. Ne3 c6 7. b3 Qe5
8. c3 d5 9. Bb2 Bd6 10. d3 Nf6 11. c4 Qe7 12. cxd5 O-O 13. Nc3 Re8 14. g3
cxd5 15. d4 Nc6 16. Bg2 Nxd4 17. Qd2 Nf5 18. O-O Nxe3 19. fxe3 Bc5 20. Nxd5
Nxd5 21. Qxd5 Qxe3+ 22. Kh1 Be6 23. Qxb7 Qd2 24. Be5 Rad8 25. Bf4 Qb2 26.
Rad1 Qxa2 27. Bc6 Qxb3 28. Qxb3 Bxb3 29. Rb1 Bd5+ 30. Bxd5 Rxd5 31. Rb5
Red8 32. Bc7 R8d7 33. Rb8+ Bf8 34. Rc1 g5 35. Ra8 g4 36. Rxa7 Bc5 37. Ra8+
Kg7 38. Bf4 Rd1+ 39. Kg2 Rxc1 40. Bxc1 Rd1 41. Bb2+ f6 42. h4 Rd2+ 43. Kh1
Rxb2 44. Ra4 Rb4 0-1

[Event "Bunratty Masters 2020"]
[Site "Bunratty IRL"]
[Date "2020.02.21"]
[Round "1.7"]
[White "Baburin, Alexander"]
[Black "O'Connor, Jonathan"]
[Result "1-0"]
[WhiteTitle "GM"]
[WhiteElo "2418"]
[BlackElo "2161"]
[WhiteICU "2386"]
[BlackICU "2110"]
[WhiteClub "Kilkenny"]
[BlackClub "Dublin"]
[WhiteNationality "IRL"]
[BlackNationality "IRL"]
[WhiteFideId "2500914"]
[BlackFideId "2501112"]
[PlyCount "35"]
[EventDate "2020.02.21"]

{ Event information: <a
href="http://www.irlchess.com/bunratty2020_allfiles/pairings_bunratty2020.html">Tournament
report</a>. }

1. d4 Nf6 2. c4 e6 3. Nc3 Bb4 4. Qc2 d5 5. cxd5 Qxd5 6. Nf3 c5 7. Bd2 Bxc3
8. Bxc3 Nbd7 9. dxc5 Qxc5 10. e4 b6 11. Bd3 Bb7 12. O-O Qh5 13. Bb4 Rc8 14.
Qa4 a5 15. Bd6 Bc6 16. Qd4 Nc5 17. Ne5 Nb7 18. Rac1 1-0

[Event "Bunratty Masters 2020"]
[Site "Bunratty IRL"]
[Date "2020.02.21"]
[Round "1.8"]
[White "Mueller, Reinhard"]
[Black "Hort, Vlastimil"]
[Result "0-1"]
[BlackTitle "GM"]
[WhiteElo "2109"]
[BlackElo "2400"]
[WhiteNationality "GER"]
[BlackNationality "GER"]
[WhiteFideId "4679172"]
[BlackFideId "4600029"]
[PlyCount "74"]
[EventDate "2020.02.21"]

{ Event information: <a
href="http://www.irlchess.com/bunratty2020_allfiles/pairings_bunratty2020.html">Tournament
report</a>. }

1. d4 Nf6 2. Nc3 d5 3. Bf4 c6 4. e3 Bf5 5. f3 h6 6. g4 Bh7 7. Bd3 Bxd3 8.
Qxd3 e6 9. Nge2 a6 10. O-O-O g5 11. Bg3 Nbd7 12. h4 Rg8 13. hxg5 hxg5 14.
e4 Nb6 15. e5 Nfd7 16. b3 Qe7 17. Rh7 O-O-O 18. Rdh1 Bg7 19. Nd1 Na8 20. f4
gxf4 21. Nxf4 Nf8 22. R7h5 Nc7 23. Nb2 Re8 24. c4 Ng6 25. c5 Nxf4 26. Bxf4
f6 27. Rh7 fxe5 28. Rxg7 Qxg7 29. Bxe5 Qxg4 30. Rh7 Re7 31. Na4 Qg1+ 32.
Kb2 Rg2+ 33. Ka3 Nb5+ 34. Kb4 Qe1+ 35. Nc3 Rxh7 36. Qxh7 Qxc3+ 37. Ka4
Rxa2# 0-1

[Event "Bunratty Masters 2020"]
[Site "Bunratty IRL"]
[Date "2020.02.21"]
[Round "1.9"]
[White "Lalic, Bogdan"]
[Black "Flynn, Jacob"]
[Result "1-0"]
[WhiteTitle "GM"]
[WhiteElo "2400"]
[BlackElo "2105"]
[BlackICU "2108"]
[BlackClub "Malahide"]
[WhiteNationality "CRO"]
[BlackNationality "IRL"]
[WhiteFideId "409081"]
[BlackFideId "2509393"]
[PlyCount "47"]
[EventDate "2020.02.21"]
[WhiteFullName "Lali&#263;, Bogdan"]

{ Event information: <a
href="http://www.irlchess.com/bunratty2020_allfiles/pairings_bunratty2020.html">Tournament
report</a>. }

1. d4 Nf6 2. c4 e6 3. Nf3 d5 4. Nc3 Be7 5. Qc2 O-O 6. cxd5 exd5 7. Bg5 g6
8. e3 Bf5 9. Qb3 Nbd7 10. Be2 Nb6 11. O-O c6 12. Ne5 Rb8 13. f4 Nbd7 14.
Bh6 Re8 15. Bf3 Nxe5 16. fxe5 Nd7 17. Nxd5 cxd5 18. Bxd5 Be6 19. Bxe6 fxe6
20. Qxe6+ Kh8 21. Rf7 Bf8 22. Qh3 Re7 23. Bg5 Rxf7 24. Bxd8 1-0

[Event "Bunratty Masters 2020"]
[Site "Bunratty IRL"]
[Date "2020.02.21"]
[Round "1.10"]
[White "Venkatesan, Kavin"]
[Black "Bates, Richard"]
[Result "0-1"]
[BlackTitle "IM"]
[WhiteElo "2027"]
[BlackElo "2366"]
[WhiteICU "2100"]
[WhiteClub "St. Benildus"]
[WhiteNationality "IRL"]
[BlackNationality "ENG"]
[WhiteFideId "2512602"]
[BlackFideId "403555"]
[PlyCount "42"]
[EventDate "2020.02.21"]

{ Event information: <a
href="http://www.irlchess.com/bunratty2020_allfiles/pairings_bunratty2020.html">Tournament
report</a>. }

1. d4 Nf6 2. c4 e6 3. Nc3 Bb4 4. f3 c5 5. d5 d6 6. e4 O-O 7. Bd3 b5 8. Ne2
a6 9. O-O exd5 10. exd5 Nbd7 11. cxb5 Ne5 12. bxa6 Nxd3 13. Qxd3 Bxa6 14.
Qd1 Bxc3 15. bxc3 Re8 16. Rf2 Qe7 17. Ng3 Qe1+ 18. Qxe1 Rxe1+ 19. Nf1 Nxd5
20. Bb2 Rae8 21. Rc1 Nf4 0-1

[Event "Bunratty Masters 2020"]
[Site "Bunratty IRL"]
[Date "2020.02.21"]
[Round "1.11"]
[White "Heidenfeld, Mark"]
[Black "Grochowalski, Pawel"]
[Result "1/2-1/2"]
[WhiteTitle "IM"]
[WhiteElo "2361"]
[BlackElo "2099"]
[WhiteICU "2297"]
[WhiteClub "Kilkenny"]
[WhiteNationality "IRL"]
[BlackNationality "POL"]
[WhiteFideId "2500990"]
[BlackFideId "1115197"]
[PlyCount "72"]
[EventDate "2020.02.21"]
[BlackFullName "Grochowalski, Pawe&#322;"]

{ Event information: <a
href="http://www.irlchess.com/bunratty2020_allfiles/pairings_bunratty2020.html">Tournament
report</a>. }

1. e4 c6 2. d4 d5 3. Nc3 dxe4 4. Nxe4 Bf5 5. Ng3 Bg6 6. h4 h6 7. Nh3 e6 8.
Nf4 Bh7 9. Bc4 Nf6 10. Ngh5 Nbd7 11. c3 Nxh5 12. Nxh5 Nf6 13. Bf4 Nxh5 14.
Qxh5 Bd6 15. Qg4 Bxf4 16. Qxf4 O-O 17. Rh3 Qb8 18. Qe3 Qd6 19. O-O-O Rfe8
20. g4 Rad8 21. f4 b5 22. Bd3 Bxd3 23. Rxd3 Qd5 24. a3 a5 25. Qd2 Qa2 26.
Kd1 b4 27. cxb4 axb4 28. axb4 Rb8 29. Rb3 Qb1+ 30. Ke2 Qe4+ 31. Kf2 Red8
32. Rbd3 Rb5 33. h5 Rdb8 34. Rb3 Rd8 35. Rbd3 Rdb8 36. Rb3 Rd8 1/2-1/2

[Event "Bunratty Masters 2020"]
[Site "Bunratty IRL"]
[Date "2020.02.21"]
[Round "1.12"]
[White "Reyer, Ulli"]
[Black "Kanyamarala, Tarun"]
[Result "1-0"]
[BlackTitle "FM"]
[WhiteElo "2092"]
[BlackElo "2349"]
[BlackICU "2275"]
[BlackClub "Balbriggan"]
[WhiteNationality "GER"]
[BlackNationality "IRL"]
[WhiteFideId "4633350"]
[BlackFideId "45004714"]
[PlyCount "117"]
[EventDate "2020.02.21"]

{ Event information: <a
href="http://www.irlchess.com/bunratty2020_allfiles/pairings_bunratty2020.html">Tournament
report</a>. }

1. e4 c5 2. Nf3 Nc6 3. Bb5 g6 4. Bxc6 dxc6 5. d3 Bg7 6. h3 Qc7 7. Nc3 e5 8.
Be3 b6 9. O-O Nf6 10. Qd2 Nh5 11. Bh6 f6 12. Bxg7 Qxg7 13. Kh2 Nf4 14. Ne2
g5 15. Nxf4 gxf4 16. Rg1 Rg8 17. b4 Qh6 18. bxc5 bxc5 19. Qc3 Kf7 20. Qxc5
Rxg2+ 21. Rxg2 Bxh3 22. Nxe5+ fxe5 23. Qxe5 Bxg2+ 24. Kxg2 Rg8+ 25. Kf3
Qh3+ 26. Ke2 f3+ 27. Ke3 Qh6+ 28. Qf4+ Qxf4+ 29. Kxf4 h5 30. Rb1 h4 31.
Kxf3 Kf6 32. Rh1 Rh8 33. Kg4 Rg8+ 34. Kf4 Rh8 35. Rh3 Rh5 36. d4 c5 37. c3
cxd4 38. cxd4 Ra5 39. Rxh4 Rxa2 40. f3 a5 41. Rh6+ Kg7 42. Ra6 a4 43. Kf5
a3 44. d5 Ra1 45. f4 a2 46. d6 Rd1 47. Rxa2 Rxd6 48. Ra7+ Kf8 49. e5 Rd4
50. e6 Rb4 51. Ke5 Kg8 52. f5 Rb1 53. Kf6 Rb6 54. Ra8+ Kh7 55. Kf7 Rb5 56.
f6 Rb6 57. e7 Rb7 58. Kf8 Kh8 59. Ra1 1-0

[Event "Bunratty Masters 2020"]
[Site "Bunratty IRL"]
[Date "2020.02.21"]
[Round "1.13"]
[White "Fitzsimons, David"]
[Black "Van der Zwet, Bart"]
[Result "1-0"]
[WhiteTitle "IM"]
[WhiteElo "2328"]
[BlackElo "2092"]
[WhiteICU "2341"]
[WhiteClub "Elm Mount"]
[WhiteNationality "IRL"]
[BlackNationality "NED"]
[WhiteFideId "2501961"]
[BlackFideId "1004204"]
[PlyCount "37"]
[EventDate "2020.02.21"]
[BlackFullName "van der Zwet, Bart"]

{ Event information: <a
href="http://www.irlchess.com/bunratty2020_allfiles/pairings_bunratty2020.html">Tournament
report</a>. }

1. e4 d6 2. d4 g6 3. Nf3 Bg7 4. Be3 Nf6 5. Nc3 O-O 6. Qd2 Re8 7. O-O-O c6
8. Bh6 Bh8 9. h4 Bg4 10. Qf4 Qa5 11. Bc4 Bxf3 12. gxf3 e5 13. Qg5 Qb4 14.
Bb3 exd4 15. h5 Re5 16. hxg6 $1 Qxb3 17. gxh7+ Kxh7 18. Bg7+ Kg8 19. Rxh8#
1-0

[Event "Bunratty Masters 2020"]
[Site "Bunratty IRL"]
[Date "2020.02.21"]
[Round "1.14"]
[White "Wolferink, Frans"]
[Black "Kanyamarala, Trisha"]
[Result "0-1"]
[BlackTitle "WFM"]
[WhiteElo "2081"]
[BlackElo "2299"]
[BlackICU "2197"]
[BlackClub "Balbriggan"]
[WhiteNationality "NED"]
[BlackNationality "IRL"]
[WhiteFideId "1003917"]
[BlackFideId "45004722"]
[PlyCount "71"]
[EventDate "2020.02.21"]

{ Event information: <a
href="http://www.irlchess.com/bunratty2020_allfiles/pairings_bunratty2020.html">Tournament
report</a>. }

1. e4 c5 2. Nf3 d6 3. d4 cxd4 4. Nxd4 Nf6 5. Nc3 Nc6 6. g3 e5 7. Nde2 Be7
8. Bg2 O-O 9. O-O Bd7 10. Bg5 Nxe4 11. Bxe7 Nxc3 12. Bxd8 Nxd1 13. Bc7 Nxb2
14. Bxd6 Rfd8 15. Rab1 Bg4 16. Nc3 Rxd6 17. Rxb2 b6 18. Nb5 Rf6 19. f3 Bf5
20. Rd1 h5 21. c3 Rc8 22. Rbd2 Kf8 23. h3 Ke7 24. f4 exf4 25. Nd6 Rc7 26.
gxf4 g6 27. Nb5 Rd7 28. Rxd7+ Bxd7 29. Nc7 Rd6 30. Nd5+ Kd8 31. Re1 Be6 32.
c4 Ne7 33. a4 Rd7 34. Rd1 Nf5 35. Rc1 Bxd5 36. Bxd5 0-1

[Event "Bunratty Masters 2020"]
[Site "Bunratty IRL"]
[Date "2020.02.21"]
[Round "1.15"]
[White "Rawlinson, Aidan"]
[Black "Van Empel, Fred"]
[Result "1/2-1/2"]
[WhiteElo "2181"]
[BlackElo "2042"]
[WhiteNationality "ENG"]
[BlackNationality "NED"]
[WhiteFideId "413496"]
[BlackFideId "1040863"]
[PlyCount "86"]
[EventDate "2020.02.21"]
[BlackFullName "van Empel, Fred"]

{ Event information: <a
href="http://www.irlchess.com/bunratty2020_allfiles/pairings_bunratty2020.html">Tournament
report</a>. }

1. d4 c5 2. d5 g6 3. c4 Bg7 4. Nf3 d6 5. Nc3 Na6 6. g3 Nc7 7. Bg2 a6 8. a4
b6 9. O-O Rb8 10. e4 Nh6 11. e5 O-O 12. exd6 exd6 13. Bg5 f6 14. Bf4 Nf7
15. Qd2 g5 16. Be3 Bg4 17. Ne1 Ne5 18. b3 Bf5 19. h3 h6 20. f4 Nd7 21. Nf3
b5 22. axb5 axb5 23. g4 Bg6 24. f5 Bf7 25. Rfe1 bxc4 26. bxc4 Rb4 27. Qd3
Re8 28. Ne4 Rxe4 29. Qxe4 Bxd5 30. Qd3 Bxc4 31. Qxd6 Bf8 32. Qd2 Qc8 33.
Rac1 Nb6 34. Qf2 Ncd5 35. Nd2 Nxe3 36. Qxe3 Bf7 37. Ne4 Nd5 38. Qd2 Qb8 39.
Rc2 Rd4 40. Qf2 Qb6 41. Rec1 Nb4 42. Rxc5 Bxc5 43. Rxc5 Qd8 1/2-1/2

[Event "Bunratty Masters 2020"]
[Site "Bunratty IRL"]
[Date "2020.02.21"]
[Round "1.16"]
[White "Manojlovic, Mihailo"]
[Black "Brady, Stephen"]
[Result "0-1"]
[BlackTitle "FM"]
[WhiteElo "2024"]
[BlackElo "2288"]
[WhiteICU "2038"]
[BlackICU "2268"]
[WhiteClub "St. Benildus"]
[BlackClub "St. Benildus"]
[WhiteNationality "IRL"]
[BlackNationality "IRL"]
[WhiteFideId "2507633"]
[BlackFideId "2500124"]
[PlyCount "67"]
[EventDate "2020.02.21"]

{ Event information: <a
href="http://www.irlchess.com/bunratty2020_allfiles/pairings_bunratty2020.html">Tournament
report</a>. }

1. e4 d6 2. d4 Nf6 3. Nc3 g6 4. Bg5 c6 5. Qd2 b5 6. Bd3 Nbd7 7. f4 Bb7 8.
Nf3 Qc7 9. O-O b4 10. Ne2 c5 11. Bxf6 Nxf6 12. Bb5+ Bc6 13. Bxc6+ Qxc6 14.
d5 Qb6 15. Kh1 Nxe4 16. Qe3 f5 17. Ng3 c4 18. Qe2 Nxg3+ 19. hxg3 Bg7 20.
Qe6 Bf6 21. Rfe1 Rf8 22. Rad1 Rf7 23. g4 fxg4 24. Ng5 Bxg5 25. fxg5 Qf2 26.
Qxd6 Kf8 27. Qe5 Kg8 28. Qh2 g3 29. Qg1 Qf4 30. Qd4 Qxg5 31. Re4 Raf8 32.
Kg1 Qh5 33. Rh4 Qe2 34. Rg4 0-1

[Event "Bunratty Masters 2020"]
[Site "Bunratty IRL"]
[Date "2020.02.21"]
[Round "1.17"]
[White "Weischede, Thomas"]
[Black "Skulte, Christopher"]
[Result "1/2-1/2"]
[WhiteTitle "FM"]
[WhiteElo "2276"]
[BlackElo "2036"]
[WhiteNationality "GER"]
[BlackNationality "AUS"]
[WhiteFideId "4617584"]
[BlackFideId "3214044"]
[PlyCount "26"]
[EventDate "2020.02.21"]

{ Event information: <a
href="http://www.irlchess.com/bunratty2020_allfiles/pairings_bunratty2020.html">Tournament
report</a>. }

1. c4 e5 2. Nc3 Nf6 3. g3 d5 4. cxd5 Nxd5 5. Bg2 Be6 6. Nf3 Nc6 7. O-O Be7
8. d3 f6 9. Bd2 O-O 10. Ne4 Bf7 11. Rc1 a5 12. Nc5 b6 13. Ne4 Nd4 1/2-1/2

[Event "Bunratty Masters 2020"]
[Site "Bunratty IRL"]
[Date "2020.02.21"]
[Round "1.18"]
[White "Kolb, Markus"]
[Black "Mannion, Stephen R."]
[Result "1/2-1/2"]
[BlackTitle "IM"]
[WhiteElo "2025"]
[BlackElo "2266"]
[WhiteNationality "GER"]
[BlackNationality "SCO"]
[WhiteFideId "4690524"]
[BlackFideId "2400111"]
[PlyCount "29"]
[EventDate "2020.02.21"]

{ Event information: <a
href="http://www.irlchess.com/bunratty2020_allfiles/pairings_bunratty2020.html">Tournament
report</a>. }

1. c4 e5 2. g3 Nf6 3. Bg2 c6 4. Nf3 e4 5. Nd4 Qb6 6. e3 d5 7. Nc3 Be7 8.
O-O O-O 9. cxd5 cxd5 10. d3 Bg4 11. Qc2 Nc6 12. dxe4 dxe4 13. Nxe4 Nxd4 14.
exd4 Qxd4 15. Be3 1/2-1/2

[Event "Bunratty Masters 2020"]
[Site "Bunratty IRL"]
[Date "2020.02.21"]
[Round "1.19"]
[White "Connell, Blair"]
[Black "Fehr, Jukka"]
[Result "1-0"]
[WhiteElo "2238"]
[BlackElo "1976"]
[WhiteNationality "ENG"]
[BlackNationality "FIN"]
[WhiteFideId "403725"]
[BlackFideId "4674693"]
[PlyCount "93"]
[EventDate "2020.02.21"]

{ Event information: <a
href="http://www.irlchess.com/bunratty2020_allfiles/pairings_bunratty2020.html">Tournament
report</a>. }

1. Nf3 f5 2. d3 d6 3. e4 e5 4. Nc3 Nf6 5. Bg5 Be7 6. exf5 Bxf5 7. d4 e4 8.
Nd2 Nc6 9. Nc4 O-O 10. d5 Ne5 11. Nxe5 dxe5 12. Bc4 Kh8 13. Qe2 Bg4 14. Qd2
Nxd5 15. Bxe7 Nxe7 16. Nxe4 Qd4 17. Qxd4 exd4 18. O-O Rad8 19. Rfe1 Nc6 20.
Ng5 Nb4 21. Rac1 d3 22. cxd3 Nxd3 23. Bxd3 Rxd3 24. Nf7+ Kg8 25. Ne5 Rd4
26. Nxg4 Rxg4 27. Rxc7 Rgf4 28. Ree7 R4f7 29. Rxf7 Rxf7 30. Rc8+ Rf8 31.
Rxf8+ Kxf8 32. f4 Kf7 33. Kf2 Kf6 34. Kf3 h5 35. Ke4 g6 36. g3 Ke6 37. h3
Kf6 38. g4 hxg4 39. hxg4 Ke6 40. f5+ gxf5+ 41. gxf5+ Kf6 42. Kf4 b6 43. a4
a6 44. Ke4 b5 45. axb5 axb5 46. b4 Kf7 47. Kd5 1-0

[Event "Bunratty Masters 2020"]
[Site "Bunratty IRL"]
[Date "2020.02.21"]
[Round "1.20"]
[White "Foley, John"]
[Black "Baker, Chris W."]
[Result "0-1"]
[BlackTitle "IM"]
[WhiteElo "1954"]
[BlackElo "2234"]
[WhiteNationality "ENG"]
[BlackNationality "ENG"]
[WhiteFideId "424110"]
[BlackFideId "401676"]
[PlyCount "112"]
[EventDate "2020.02.21"]

{ Event information: <a
href="http://www.irlchess.com/bunratty2020_allfiles/pairings_bunratty2020.html">Tournament
report</a>. }

1. d4 e6 2. Nf3 b6 3. e4 Bb7 4. Bd3 Nf6 5. Qe2 c5 6. c3 cxd4 7. cxd4 Nc6 8.
a3 d5 9. e5 Ne4 10. Nbd2 Nxd2 11. Bxd2 Be7 12. O-O O-O 13. Rac1 Qd7 14. Bb1
a5 15. Qd3 g6 16. Qe2 Ba6 17. Bd3 Bxd3 18. Qxd3 Rfc8 19. h4 Na7 20. h5 Qb5
21. Qxb5 Nxb5 22. a4 Na7 23. hxg6 hxg6 24. b3 Kf8 25. g3 Nc6 26. Kg2 Ba3
27. Rc2 Nb4 28. Rxc8+ Rxc8 29. Rh1 Rc2 30. Bg5 Ke8 31. Rh8+ Kd7 32. Rf8 Nd3
33. Rxf7+ Ke8 34. Rf6 Rxf2+ 35. Kg1 Be7 36. Rxe6 Rxf3 37. Rxe7+ Kf8 38. Bf6
Rxg3+ 39. Kf1 Nf4 40. Rb7 Rxb3 41. Bd8 Ke8 42. Bxb6 Ne6 43. Rb8+ Kd7 44.
Rb7+ Kc8 45. Ra7 Rxb6 46. Rxa5 Nc7 47. Rc5 Rb4 48. a5 Rxd4 49. Rc6 Re4 50.
a6 Ra4 51. Rxg6 Rxa6 52. Rg5 Ra4 53. Ke2 Ne6 54. Rh5 Kd7 55. Rh8 Re4+ 56.
Kd3 Rxe5 0-1